00609nam a22001697a 4500003000200000005001700002008004100019037001900060040001700079082001500096100003900111245016800150260002800318300001600346500004900362650002800411020160609165300.0100118t xxu||||| |||| 00| 0 eng d aM15472bBIBLIO aUACbFcEPAC a27.ABM/AGO aDiane AGOSSOU & Hermione AGOUNDOTE aInterêt de l'étude des paramètres biochimiques dans la prise en charge des nouveaux cas suspets de l'ulcère de buruli dans les communes de Lalo et d'Allada aEPACbBIBLIOc2007-2008 aI-62pc29cm aMem Ecole Polytechnique d'Abomey Calavi 2008 aULCERE BURILI PARAMETRE